Bear in the Answers - Statistics

General Stats
  • This quiz has been taken 62,320 times
    32,336 since last reset
  • The average score is 13 of 18
Answer Stats
Hint Answer % Correct
Bear species that eats mostly seals Polar bear
93%
Rubbery type of candy, originally produced by Haribo Gummi bear
92%
Chinese animal Panda bear
92%
Most common bear species Black bear
90%
Inaccurate term for a cute, Australian marsupial Koala bear
87%
Plush toy named after the 26th U.S. President Teddy Bear
83%
Bear who moved from Peru to London Paddington Bear
82%
Subspecies of brown bear native to North America Grizzly bear
81%
Right guaranteed by the Second Amendment to the U.S. Constitution Bear arms
77%
His porridge was too hot Papa Bear
76%
Russian embrace Bear hug
75%
Jellystone Park denizen with a sidekick named Boo Boo Yogi Bear
63%
Group that included Cheer Bear, Grumpy Bear, etc... Care Bears
62%
NFL team that plays at Soldier Field Chicago Bears
53%
A type of rug Bearskin
52%
Period of decline in stock prices Bear market
45%
Another term for the tardigrade, a rugged microscopic animal Water bear
32%
Fictitious Australian animal that attacks from above Drop bear
26%
No matching quizzes found
Score Distribution
Percent of People with Each Score
Percentile by Number Answered
Your Score History
You have not taken this quiz since the last reset